000 00663nam a2200241Ia 4500
003 OSt
005 20220924123639.0
006 a|||||r|||| 00| 0
007 ta
008 220923b |||||||| |||| 00| 0 san d
024 _a58750
037 _cTextual
040 _aARTS
_cARTS
_bsan
041 _2san
_asan
082 _aQ127:25:g, 15L5
100 _aRaisam Venkata Rav
_9193383
245 0 _aIsvasya-Upanishad
_b Upanishad ghoshanapatra
260 _aNew Delhi
_b Gandhi Duniya Prak
_c1975
300 _a72p.
_ccm.
650 _aRELIGION
942 _hQ127:25:g, 15L5
_cTEXL
_2CC
999 _c416576
_d416576